Missing Word: NBA MVP Quiz Stats

Quiz Updated Feb 8, 2016

Challenge
Share
Tweet
Embed
Score 0/20 Timer 02:00
0 Plays Today
Player Missing Word % Correct
______ DurantKevin
95.9%
Larry ______Bird
95.3%
Allen ______Iverson
92.9%
______ BarkleyCharles
92.6%
Steph ______Curry
91.5%
Michael ______Jordan
89.8%
______ O'NealShaquille
89.3%
______ OlajuwonHakeem
87.8%
Tim ______Duncan
86.5%
______ MaloneKarl
86.5%
Player Missing Word % Correct
Wilt ______Chamberlain
84.5%
______ RussellBill
83.5%
Dirk ______Nowitzki
80.8%
______ ErvingJulius
80.1%
______ RobinsonDavid
79.1%
______ RobertsonOscar
78.6%
______ RoseDerrick
76.6%
Kevin ______Garnett
57.1%
Bill ______Walton
52.6%
Bob ______McAdoo
36.9%

Today's Daily Dose

Word Ladder
'90s Movies

Quick Pick
'Fire' Movies

On This Day
June 19th II

You're not logged in!

Compare scores with friends on all Sporcle quizzes.
Join for Free
OR
Log In

You Might Also Like...

Show Comments

Extras

Top Quizzes Today


Score Distribution

Your Account Isn't Verified!

In order to create a playlist on Sporcle, you need to verify the email address you used during registration. Go to your Sporcle Settings to finish the process.

Report this User

Report this user for behavior that violates our Community Guidelines.

Details: